Příručka pro kontrolu a řízení provozu úpraven vody /
Gespeichert in:
| 1. Verfasser: | |
|---|---|
| Format: | Buch |
| Sprache: | Tschechisch |
| Veröffentlicht: |
Praha :
SNTL,
1988
|
| Tags: |
Keine Tags, Fügen Sie das erste Tag hinzu!
|
MARC
| LEADER | 00000nam a22000003a 4500 | ||
|---|---|---|---|
| 001 | stu3087 | ||
| 005 | 20150617225616.1 | ||
| 008 | 930212s1988----cs------------------cze-d | ||
| 040 | |a STU |b slo | ||
| 041 | 0 | |a cze | |
| 044 | |a cs | ||
| 080 | |a 628.16 | ||
| 100 | 1 | |a Žáček, Ladislav |4 aut | |
| 245 | 1 | |a Příručka pro kontrolu a řízení provozu úpraven vody / |c [aut.] Žáček,L | |
| 260 | |a Praha : |b SNTL, |c 1988 | ||
| 300 | |a 174 s | ||
| 996 | |b E67578 |c E*67578 |l EE05 |s P |a 0 |w stu3087_0001 | ||